Guess My Fav NBA Players - Statistics

General Stats
  • This quiz has been taken 35 times
  • The average score is 14 of 19
Answer Stats
Hint Player % Correct
They call him uncle drew or just old in general Kyrie Irving
94%
Gets called 'the greek freak' Giannis Antetokounmpo
91%
Big Beard James Harden
91%
Duo with Shaq Kobe Bryant
91%
2026 NBA MVP Shai Gilgeous Alexander
91%
New draft pick for the mavs in 2026 Cooper Flagg
88%
He raps and is known as the Big Diesel Shaquille O'neal
88%
Tore his achillies in Game 7 2026 Tyrese Haliburton
88%
Number 0 for the celtics Jayson Tatum
85%
77 for the lakers Luka Doncic
85%
He hit the ITS OVER celebration in the dunk contest Vince Carter
85%
Dunked from the free throw line Michael Jordan
73%
What is his full name? DWADE Dwayne Wade
70%
The NBA player from the Thunderstruck movie Kevin Durant
70%
His height is...6....7 LaMelo Ball
64%
He hits the night night celebration Steph Curry
61%
Some call him the 'great barrier thief' Dyson Daniels
36%
He went to prison when he was around 18 years old Allen Iverson
30%
One of the best dunkers ever Ja Morant
21%
No matching quizzes found
Score Distribution
Percent of People with Each Score
Percentile by Number Answered
Your Score History
You have not taken this quiz